00405nam a2200145Ia 4500008004100000020001500041041001200056082001600068100001500084245009000099260002500189300000800214650002100222700001600243221030s9999 xx 000 0 und d a8120318234 aEnglish a105.23bWit aS. L. With 0aImplementing & Managing Oracle Databases ( DEPARTMENTAL )cby S. L. With, J. R. Colby bPHIaNew Delhic2001 a418 aCSE Departmental aJ. R. Colby